Sledovanie vplyvu cytostatika docetaxelu na bunkovú líniu L1210

Saved in:
Bibliographic Details
Main Author: Bojsa, Martin (Author)
Other Authors: Šereš, Mário (Thesis advisor)
Format: Manuscript Book
Language:Slovak
Published: 2025
Subjects:
Online Access:http://is.stuba.sk/zp/portal_zp.pl?podrobnosti=183477
Tags: Add Tag
No Tags, Be the first to tag this record!

MARC

LEADER 00000ntm a22000003a 4500
001 stuzp104557
003 SK-STU
005 20250607210607.8
007 ta
008 150427s2015----xo-----f-mn---000-0-slo-d
040 |a STU  |b slo 
041 0 |a slo 
100 1 |a Bojsa, Martin  |u 043000  |4 aut  |U FCHPT Fakulta chemickej a potravinárskej technológie  |T FCHPT Ústav biochémie a mikrobiológie  |X 112231  |U C3000  |Y 101  |7 112231 
242 0 1 |a Study of the effect of the cytostatic agent docetaxel on the L1210 cell line  |y eng 
245 1 0 |a Sledovanie vplyvu cytostatika docetaxelu na bunkovú líniu L1210 
260 |c 2025 
650 4 |a ABC transporters  |2 eng 
650 4 |a docetaxel  |2 eng 
650 4 |a leukemia  |2 eng 
650 4 |a vincristine  |2 eng 
650 4 |a cancer  |2 eng 
650 4 |a multidrug resistance  |2 eng 
650 4 |a vinkristín  |2 slo 
650 4 |a ABC transportéry  |2 slo 
650 4 |a docetaxel  |2 slo 
650 4 |a viaclieková rezistencia  |2 slo 
650 4 |a leukémia  |2 slo 
650 4 |a rakovina  |2 slo 
700 1 |a Šereš, Mário  |4 ths  |X 60528  |7 60528 
856 4 |u http://is.stuba.sk/zp/portal_zp.pl?podrobnosti=183477